000 00253nam a22001097a 4500
999 _c4376
_d4376
008 250213b ||||| |||| 00| 0 eng d
020 _a9780241684887
100 _aWALKER,RICHARD
_eAUTHOR
245 _aHUMAN BODY
260 _bDK PUBLISHERS
942 _2ddc